000
00326nam a2200145Ia 4500
100
_a
Ghirardi/A.A
650
_a
Electrical Engineering
942
_c
BK
654
_a
Radio Physics
245
_a
Radio Physics Course
260
_b
Murray Hill Books
_a
New York
_c
1932
082
_a
621.3
300
_a
972
546
_a
ENGLISH
999
_c
24389
_d
24389